000
00225nam a22000857a 4500
008
161101b xxu||||| |||| 00| 0 eng d
100
_9
1004
_a
Sharma.S.C.
245
_a
Accountancy-XI
260
_a
New Delhi
_b
Dhanpat publications
_c
2011
999
_c
3664
_d
3664